| 000 | 01250nam a2200265Ia 4500 | ||
|---|---|---|---|
| 003 | OSt | ||
| 005 | 20220930094715.0 | ||
| 006 | a|||||r|||| 00| 0 | ||
| 007 | ta | ||
| 008 | 220926b |||||||| |||| 00| 0 hin d | ||
| 024 | _a124 | ||
| 037 | _cTheses | ||
| 040 |
_aCRL _cCRL _bhin |
||
| 041 |
_2hin _ahin |
||
| 100 | _aराय, एनी | ||
| 110 | _aदिल्ली विश्वविद्यालय. संकाय कला. हिन्दी विभाग | ||
| 245 | 0 | _aप्रेमचंद और फकीर मोहन सेनापति के कथा - साहित्य में व्यक्त कृषक जीवन का तुलनात्मक अध्ययन | |
| 246 | _aPremachanda aur fakīr mohan senāpati ke kathā - sāhitya mean vyakta kṛuṣhak jīvan kā tulanātmak adhyayana | ||
| 260 | _c2011 | ||
| 650 | _aहिन्दी साहित्य | ||
| 700 | _a पचौरी, सुधीश, गा. | ||
| 700 | _aदिल्ली विश्वविद्यालय. संकाय कला. हिन्दी विभाग | ||
| 942 |
_cDIS _2CC |
||
| 999 |
_c887536 _d887536 |
||